Spatial plans in practice (Record no. 108354)

MARC details
000 -LEADER
fixed length control field 01889cad a22002895a 4500
001 - CONTROL NUMBER
control field E144023
008 - FIXED-LENGTH DATA ELEMENTS--GENERAL INFORMATION
fixed length control field 080611s20080604xxk f 000 0 eng d
020 ## - INTERNATIONAL STANDARD BOOK NUMBER
International Standard Book Number 9781851129737
035 ## - SYSTEM CONTROL NUMBER
System control number (Sirsi) u144023
041 0# - LANGUAGE CODE
Language code of text/sound track or separate title eng
050 04 - LIBRARY OF CONGRESS CALL NUMBER
Classification number 711.3 $2 18
110 2# - MAIN ENTRY--CORPORATE NAME
Corporate name or jurisdiction name as entry element Baker Associates
9 (RLIN) 4928
245 00 - TITLE STATEMENT
Title Spatial plans in practice
Remainder of title supporting the reform of local planning
Medium [electronic resource]
260 ## - PUBLICATION, DISTRIBUTION, ETC.
Place of publication, distribution, etc. London
Name of publisher, distributor, etc. Department for Communities and Local Government
Date of publication, distribution, etc. 2008
505 2# - FORMATTED CONTENTS NOTE
Formatted contents note Executive summary -- Overview of project purpose, methods and outputs -- The timely delivery of planning policy -- Effective participation in plan making -- Integrating policy through the spatial planning approach -- Delivering evidence-based positive planning -- Making a difference
520 ## - SUMMARY, ETC.
Summary, etc. Report details the findings and recommendations of the Spatial Plans in Practice project, a three year study into the new local plan-making system. It shows that the majority of local authorities are having difficulties introducing the reforms and new plans and that lack of leadership is to blame in some cases. Despite delays there have been some positive changes, including the shift towards more stakeholder engagement and integration of policy through the spatial planning approach. Also describes how planning authorities and other bodies have utilised the findings of the report.
521 ## - TARGET AUDIENCE NOTE
Target audience note Advanced
590 ## - LOCAL NOTE (RLIN)
Local note NA
651 #4 - SUBJECT ADDED ENTRY--GEOGRAPHIC NAME
Geographic name England and Wales
Chronological subdivision 1543-
690 ## - LOCAL SUBJECT ADDED ENTRY--TOPICAL TERM (OCLC, RLIN)
Topical term or geographic name as entry element ENVIRONMENTAL AND LAND CONSULTANCY-PLANNING AND DEVELOPMENT-PLANNING REFORM
710 1# - ADDED ENTRY--CORPORATE NAME
Corporate name or jurisdiction name as entry element Terence O'Rourke
710 1# - ADDED ENTRY--CORPORATE NAME
Corporate name or jurisdiction name as entry element University of Liverpool
9 (RLIN) 4388
710 1# - ADDED ENTRY--CORPORATE NAME
Corporate name or jurisdiction name as entry element University of Manchester
9 (RLIN) 720
710 1# - ADDED ENTRY--CORPORATE NAME
Corporate name or jurisdiction name as entry element University of the West of England
9 (RLIN) 3479
856 40 - ELECTRONIC LOCATION AND ACCESS
Uniform Resource Identifier <a href="https://www.communities.gov.uk/publications/planningandbuilding/spatialplanfinal">https://www.communities.gov.uk/publications/planningandbuilding/spatialplanfinal</a>
Public note View the item for free at www.communities.gov.uk
942 ## - ADDED ENTRY ELEMENTS (KOHA)
Suppress in OPAC 0
Holdings
Withdrawn status Lost status Source of classification or shelving scheme Damaged status Not for loan Home library Current library Shelving location Date acquired Total Checkouts Full call number Barcode Date last seen Copy number Price effective from Koha item type
    Dewey Decimal Classification     Virtual Virtual Online 11/06/2008   ONLINE PUBLICATION 144023-2001 06/08/2019 1 06/08/2019 Book